000
00253nam a2200097Ia 4500
082
_a
ST 823.914 GARD
245
0
_a
Things fall apart
100
_a
GARDYNE, Hazel Cape Town, 2007
942
_c
BK
008
210817s9999 xx 000 0 und d
999
_c
389316
_d
389315